|
|
|
|
| LEADER |
00000nab a2200000 a 4500 |
| 001 |
vtls000683013 |
| 003 |
SK-MaSNL |
| 005 |
20260304084959.0 |
| 008 |
250425c1998 xo 0 slo |
| 015 |
|
|
|a SNBRB1999/02-04421
|
| 035 |
|
|
|a CLN000035180
|
| 035 |
|
|
|a urn:nbn:sk:snk-ab2rm9
|
| 035 |
|
|
|a (urnnbn)urn:nbn:sk:snk:ar-a02uhh
|
| 035 |
|
|
|a (uuid)f0a30125-39b5-4b11-922b-a6ccff3bae7f
|
| 040 |
|
|
|a SNKBUCL
|b slo
|c SNKBUCL
|e AACR2
|
| 041 |
0 |
|
|a slo
|
| 044 |
|
|
|a xo
|c SK
|
| 080 |
|
|
|a 82.0
|2 1997
|
| 080 |
|
|
|a 165
|2 1997
|
| 100 |
1 |
|
|a Koprda, Pavol,
|d 1947-
|4 aut
|9 107014
|
| 245 |
1 |
0 |
|a Vico medzi hermetizmom a postštrukturalizmom
|c P. Koprda
|
| 504 |
|
|
|a Bibliogr. odkazy
|
| 600 |
1 |
7 |
|a Vico, Giambattista
|d 1668-1744
|x teória kultúry
|x hermetizmus
|x postštrukturalizmus
|2 snkbucl
|9 1377967
|
| 655 |
|
7 |
|a články z novín a časopisov
|2 snkbucl
|9 267496
|
| 773 |
0 |
|
|t Slovak review
|g Roč. 7, č. 2 (1998), s. 150-156
|x 1335-0544
|
| 850 |
|
|
|a Slovenská národná knižnica
|
| 852 |
|
|
|a Slovenská národná knižnica
|
| 954 |
|
|
|a odborná, vedecká literatúra pôvodná (slovenská)
|2 lita
|
| 958 |
|
|
|a article27
|
| 958 |
|
|
|a LX
|
| 958 |
|
|
|a IT
|
| 958 |
|
|
|a NB
|
| 958 |
|
|
|a OND
|
| 958 |
|
|
|a EUIPO
|
| 992 |
|
|
|a RBX
|
| 999 |
|
|
|c 2805912
|d 2807842
|